13 convocati del settebello 2022 - Statistics

Statistiche generali
  • Questo quiz è stato fatto 2 volte
  • Il punteggio medio è 10 su 13
Statistiche sulle risposte
Hint Risposta % Corretto
10 Bruni
100%
6 Cannella
100%
3 Damonte
100%
1 Del Lungo
100%
2 Di Fulvio
100%
5 Fondelli
100%
4 Iocchi Gratta
100%
13 Nicosia
100%
9 Presciutti
100%
12 Dolce
50%
7 Renzuto
50%
11 Alesiani
0%
8 Iodice
0%
Nessun quiz corrispondente trovato
Distribuzione punteggi
Percentuale di utenti per punteggio
Percentile per numero di risposta
I tuoi punteggi nel tempo
Non hai fatto questo quiz